<?xml version="1.0" encoding="UTF-8"?>
<marc:record xmlns:marc="http://www.loc.gov/MARC21/slim">
   <marc:leader>00000nam a2200000 a 4500</marc:leader>
   <marc:datafield ind1="1" ind2=" " tag="100">
      <marc:subfield code="a">Schneider-Bertucco, Sabine</marc:subfield>
      <marc:subfield code="4">ctb</marc:subfield>
      <marc:subfield code="e">Mitwirkende/-r</marc:subfield>
   </marc:datafield>
   <marc:datafield ind1=" " ind2=" " tag="653">
      <marc:subfield code="a">Lernen/Unterrichtsvorbereitung/Grundschule</marc:subfield>
   </marc:datafield>
   <marc:datafield ind1="0" ind2="0" tag="245">
      <marc:subfield code="a">Erde, Matsch &amp; Stein</marc:subfield>
   </marc:datafield>
   <marc:datafield ind1=" " ind2="1" tag="264">
      <marc:subfield code="a">Münster</marc:subfield>
      <marc:subfield code="b">Ökotopia-Verl.</marc:subfield>
      <marc:subfield code="c">2008</marc:subfield>
   </marc:datafield>
   <marc:datafield ind1="1" ind2=" " tag="520">
      <marc:subfield code="a">Angaben aus der Verlagsmeldung

Erde, Matsch &amp; Stein Unterrichtsmaterial : Unterrichtsmaterialien zum Thema Boden / von Sabine Schneider-Bertucco

Naturwissenschaftliche Grundlagen ganzheitlich und spielerisch vermitteln – das ist gerade in der 1.+2. Grundschulklasse besonders wichtig. Hier bietet KNUD ab sofort hilfreiche Unterstützung: Neben kleinen Experimenten und Aktionen für Schulhof und Klassenzimmer hält die praktische DIN-A4-Mappe über 40 illustrierte Arbeitsblätter als sofort einsetzbare Kopiervorlagen bereit – aufwendige Unterrichtsvorbereitungen entfallen!
Im ersten Band finden sich Aktionen wie das „PH-Wert-Experiment“, die „Regenwurm-Station“ oder der „Erdproben-Krümeltest“. KNUD gibt dazu altersgerechte Infos und unterstützt die Kinder beim Ausfüllen der vertiefenden Arbeitsblätter.
Die Mappe kann unabhängig von den übrigen KNUD-Materialien eingesetzt werden oder in Kombination mit dem Aktionsbuch.
</marc:subfield>
   </marc:datafield>
   <marc:datafield ind1=" " ind2=" " tag="020">
      <marc:subfield code="a">9783867020398</marc:subfield>
      <marc:subfield code="9">9783867020398</marc:subfield>
   </marc:datafield>
   <marc:datafield ind1=" " ind2=" " tag="041">
      <marc:subfield code="a">ger</marc:subfield>
   </marc:datafield>
   <marc:datafield ind1=" " ind2=" " tag="300">
      <marc:subfield code="a">62 Bl.</marc:subfield>
   </marc:datafield>
</marc:record>
